Normal view
MARC view
- Masud Mufti
Entry Personal Name
001 - CONTROL NUMBER
- control field: 28445
003 - CONTROL NUMBER IDENTIFIER
- control field: NUST
005 - DATE AND TIME OF LATEST TRANSACTION
- control field: 20200211124835.0
008 - FIXED-LENGTH DATA ELEMENTS
- fixed length control field: 200211|| aca||aabn | a|a d
040 ## - CATALOGING SOURCE
- Original cataloging agency: NUST
- Transcribing agency: NUST
100 ## - HEADING--PERSONAL NAME
- Personal name: Masud Mufti
670 ## - SOURCE DATA FOUND
- Source citation: Work cat.: (NUST): Masud Mufti, Saalgirah /سالگرہ, c2008
